01123cam a22002891 4500001001300000003000400013005001700017008004100034010001700075035001800092040002600110042001200136050002300148100003300171245007800204260005700282300006300339490004500402500014800447500004400595504002600639650002200665650003900687650004200726830004800768999001700816gs 41000128 DLC20260227111347.0720309s1940 oncb b f000 0 eng  ags 41000128  a(OCoLC)259833 aDLCcOAkUdNSbSUdDLC apremarc00aQE185b.A2 no. 2241 aCaley, John Fletcher,d1905-10aPalaeozoic geology of the Toronto-Hamilton area, Ontario,cby J.F. Caley. aOttawa,bJ.O. Patenaude, printer to the King,c1940. aiv, 284 p.bincl. tables. 2 fold. maps (in pocket)c25 cm.1 aGeological Survey of Canada. Memoirv224 aAt head of title: Canada. Department of mines and resources. Mines and geology branch. Bureau of geology and topography. Geological survey. aIn lower right corner of t.p.: No.2456. aBibliography: p. 5-6. 0aGeologyzOntario. 0aGeology, StratigraphicyPaleozoic. 0aMines and mineral resourceszOntario. 0aMemoir (Geological Survey of Canada) ;v224 c27735d27735